| 000 | 00531cam a2200145 4500500 | ||
|---|---|---|---|
| 005 | 20250928003403.0 | ||
| 041 | _afre | ||
| 042 | _adc | ||
| 100 | 1 | 0 |
_aCazanave, Caroline _eauthor |
| 245 | 0 | 0 | _aÀ la rencontre d’une transsexuelle médiévale et de son fils prodigue. À propos d’une publication récente |
| 260 | _c2025. | ||
| 500 | _a80 | ||
| 786 | 0 | _nLe Moyen Age | CXXXI | 1 | 2025-09-16 | p. 157-168 | 0027-2841 | |
| 856 | 4 | 1 | _uhttps://shs.cairn.info/revue-le-moyen-age-2025-1-page-157?lang=fr&redirect-ssocas=7080 |
| 999 |
_c1511258 _d1511258 |
||